• 首页
  • 本馆介绍
  • 公告通知
  • 最新文献
  • 馆藏检索
  • 电子资源
  • 读者导购
  • 参考咨询
  • 我的图书馆
  • 登录
  • 详细信息显示
  • 放入我的书架
  • 预约/预借图书
  • 作者相关作品
  • 分类相关作品
  • 丛书相关作品
  • 出版社相关作品

书目信息

  • 表格格式
  • 工作单格式
  • 卡片格式
题名:
小学品德与生活(品德与社会)课堂诊断
    
 
作者: 吴永军 , 王一军 执行主编
分册:  
出版信息: 北京   教育科学出版社  2005
页数: 247页
开本: 23cm
丛书名: 新课程课堂诊断丛书
单 册:
中图分类: G623.152
科图分类:
主题词: 社会科学课--课堂教学--教学研究--小学 , 思想品德课--课堂教学--教学研究--小学
电子资源:
ISBN: 7-5041-3330-2
000 01093nam0 2200289 450
000 01106nam0 2200289 450
000 01035nam0 2200265 450
000 00999oam2 2200253 45
005 20070727102753.24
010    @a7-5041-3330-2@dCNY22.80
100    @a20070706d2005 em y0chiy0120 ea
101 0  @achi
102    @aCN@b110000
105    @ay z 000yy
200 1  @a小学品德与生活(品德与社会)课堂诊断@AXiao Xue Pin De Yu Sheng Huo ( Pin De Yu She Hui ) Ke Tang Zhen Duan@f吴永军,王一军执行主编@FWu Yong Jun, Wang Yi Jun Zhi Xing Zhu Bian
210    @a北京@c教育科学出版社@d2005
215    @a247页@d23cm
225 2  @a新课程课堂诊断丛书
330    @a本书分为六章,内容包括了教材开发、教学设计、价值导向、课堂生活、教学策略、教育时空等。
410  0 @12001 @a新课程课堂诊断丛书
606 0  @a社会科学课@x课堂教学@x教学研究@x小学
606 0  @a思想品德课@x课堂教学@x教学研究@x小学
690    @aG623.152@v4
701  0 @a吴永军@AWu Yong Jun@f(1964~)@4执行主编
701  0 @a王一军@AWang Yi Jun@c(教育)@4执行主编
801  0 @aCN@bTAOJIN@c20070727
905    @a10447@dG623.152@e358
    
    小学品德与生活(品德与社会)课堂诊断/吴永军,王一军执行主编.-北京:教育科学出版社,2005
    247页;23cm.-(新课程课堂诊断丛书)
    
    
    ISBN 7-5041-3330-2:CNY22.80
    本书分为六章,内容包括了教材开发、教学设计、价值导向、课堂生活、教学策略、教育时空等。
●
相关链接 在E读中查询图书 在五车中查询图书 在当当中查询图书 在豆瓣中查询图书


正题名:小学品德与生活(品德与社会)课堂诊断     索取号:G623.152/358         预约/预借

序号 登录号 条形码 馆藏地/架位号 状态 备注
1 0820680   208206804   第一样本阅览室/ [索取号:G623.152/358] 在馆    
2 0820681   208206813   第四借阅区/ [索取号:G623.152/358] 在馆    
3 0820682   208206822   第四借阅区/ [索取号:G623.152/358] 在馆    
4 0820683   208206831   第四借阅区/ [索取号:G623.152/358] 在馆    
5 0820684   208206840   第四借阅区/ [索取号:G623.152/358] 在馆    
唐山师范学院图书馆 欢迎您!
大连网信软件有限公司© 版权所有